000 00788nam a22002417a 4500
005 20110810113757.0
008 110810t xxu||||| |||| 00| 0 eng d
010 _aENG-103462
020 _a9788189438814
_c450.00
035 _aEN-86995
037 _bDBAD/PUB
040 _aDPL
_bEng
082 _a881
100 _931629
_aBharati, Swadesh
245 _aEcoing-silence of the falling leaves /
_cby Swadesh Bharati
260 _aKolkata
_bAsian Press
_c2010
270 _a3, Gibson Lane
_bKolkata
_e700069
_meditor@rashtrabhasha.com
300 _a224p.
_c22cm (Hb)
650 _931639
700 _931640
942 _2ddc
_cEN
_mBHA
_h881
999 _c55539
_d55539